Dallas City Trivia - Statistics

General Stats
  • This quiz has been taken 6,841 times
    6,802 since last reset
  • The average score is 11 of 20
Answer Stats
Hint Answer % Correct
President who was assassinated in Dallas John F. Kennedy
98%
City of nearly 1 million that is just 30 miles to the west Fort Worth
88%
NFL franchise known as "America's Team" Dallas Cowboys
85%
Amusement park franchise headquartered in Grand Prairie Six Flags
71%
Three letter code for Dallas's largest airport DFW
68%
Star of "Shark Tank" and owner of the Dallas Mavericks Mark Cuban
68%
Major airline which is headquartered at Love Field Southwest Airlines
65%
Suburb of 400,000 people which is home to the Texas Rangers' ballpark Arlington
57%
Name of the iconic statue at the state fair Big {Tex}
55%
Billionaire who got 19% of the vote as a third-party Presidential candidate in 1992 Ross Perot
54%
2013 film starring Matthew McConaughey as an AIDS patient Dallas Buyers Club
50%
Animated TV show about a propane salesman set in the fictional suburb of Arlen King of the Hill
50%
Major college football bowl game held in Dallas since 1935 {Cotton} Bowl
48%
Character who was shot in a 1980 episode of "Dallas" J. R. Ewing
48%
I. M. Pei was one person who left his mark on the city. What was his profession? Architect
43%
Nickname of Dallas The Big D
38%
University home to the George W. Bush Presidential Library Southern Methodist University
35%
Suburb home to the headquarters of Frito-Lay and Pizza Hut? Plano
35%
River which flows through the city Trinity River
19%
Landmark known locally as "The Ball" {Reunion} Tower
16%
No matching quizzes found
Score Distribution
Percent of People with Each Score
Percentile by Number Answered
Your Score History
You have not taken this quiz since the last reset